Životné minimum od 1.7.2016 a jeho vplyv na vybrané daňové veličiny

Prehľad vybraných daňových ukazovateľov závislých od životného minima v roku 2017. Daňový bonus v roku 2016 a v roku 2017. Nezdaniteľná časť základu dane na daňovníka za rok 2017. Nezdaniteľná časť základu dane na manželku za rok 2017. Nepostihnuteľné časti mzdy pri výkone zrážok od 1.7.2016 do 30.6...

Full description

Saved in:
Bibliographic Details
Main Author: Rabatinová, Marcela, 1977-
Format: Book Chapter
Language:Slovak
Subjects:
Tags: Add Tag
No Tags, Be the first to tag this record!

MARC

LEADER 00000naa a2200000 4500
001 0225486
005 20240502073710.3
041 0 |a slo 
044 |a SK 
245 1 0 |a Životné minimum od 1.7.2016 a jeho vplyv na vybrané daňové veličiny  |c Marcela Rabatinová 
520 |a Prehľad vybraných daňových ukazovateľov závislých od životného minima v roku 2017. Daňový bonus v roku 2016 a v roku 2017. Nezdaniteľná časť základu dane na daňovníka za rok 2017. Nezdaniteľná časť základu dane na manželku za rok 2017. Nepostihnuteľné časti mzdy pri výkone zrážok od 1.7.2016 do 30.6.2017. Praktické príklady. 
610 2 0 |a dane z príjmov 
610 2 0 |a daňovníci 
610 2 0 |a úľavy daňové 
610 2 0 |a základ dane 
610 2 0 |a minimum existenčné 
610 2 0 |a osoby fyzické 
100 1 |a Rabatinová, Marcela, 1977-